000 01033nam a2200253Ia 4500
003 OSt
005 20220923211135.0
006 a|||||r|||| 00| 0
007 ta
008 220922b |||||||| |||| 00| 0 hin d
020 _a8185826919 (hbk)
_c500
024 _a245,186
037 _b428, 28/01/2011, Eastern Book Linkers
_cTextual
040 _aARTS
_cARTS
_bhin
041 _2hin
_ahin
082 _aP152v, 152M9
100 _aभाटिया, कैलाश चंद्र; चतुर्वेदी, मोती लाल
_9158668
245 0 _aहिंदी भाषा विकास और स्वरूप
246 _aHiandī bhāṣhā vikās aur svarūpa
260 _aनई दिल्ली
_b ग्रंथ अकादमी
_c1989
300 _a239पृ.
_ccm.
942 _hP152v, 152M9
_cTEXL
_2CC
999 _c295849
_d295849